000 00476 a2200169 4500
003 NUST
005 20251021120738.0
040 _cNust
082 _a621.382,SHE
100 _aSherazi , Hassan Shehzad Syed PC (TE-37)
_9131318
245 _aTurbo Equalization /
_cPC Syed Shehzad Hassan Sherazi , PC Muhammad Khalid. NC Yasir Ilyas
260 _aRawalpindi
_bMCS
_c2004
300 _a115 p.,
650 _aUG Projects
_998716
651 _aTE-37
_9131319
942 _cPR
_2ddc
999 _c182843
_d182843